Carta nacional presentada por el presidente de la República Árabe Unida Gamal Abdel Nasser en el Congreso Nacional de las Fuerzas Populares : (Record no. 126572)

MARC details
000 -LEADER
campo de control de longitud fija 00876nam a2200205 4500
001 - NÚMERO DE CONTROL
campo de control 126572
003 - IDENTIFICADOR DE NÚMERO DE CONTROL
campo de control ES-MaACL
005 - FECHA Y HORA DE LA ÚLTIMA TRANSACCIÓN
campo de control 20251124063455.0
007 - CAMPO FIJO DE DESCRIPCIÓN FÍSICA--INFORMACIÓN GENERAL
campo de control de longitud fija t|
008 - DATOS DE LONGITUD FIJA--INFORMACIÓN GENERAL
campo de control de longitud fija 070214s1962 sp r ||||1| spa d
100 1# - ENTRADA PRINCIPAL--NOMBRE DE PERSONA
Nombre de persona Nasser, Gamal Abd el,
Fechas asociadas al nombre 1918-1970
9 (RLIN) 84975
245 10 - MENCIÓN DEL TÍTULO
Título Carta nacional presentada por el presidente de la República Árabe Unida Gamal Abdel Nasser en el Congreso Nacional de las Fuerzas Populares :
Resto del título El Cairo, 21 de mayo de 1962 (traducción no oficial).
260 ## - PUBLICACIÓN, DISTRIBUCIÓN, ETC.
Lugar de publicación, distribución, etc. Madrid :
Nombre del editor, distribuidor, etc. [s.n.],
Fecha de publicación, distribución, etc. 1962 (
Fabricante Gráf. Norte)
300 ## - DESCRIPCIÓN FÍSICA
Extensión 159 p. ;
Dimensiones 20 cm.
594 ## - Nota al título y mención de responsabilidad
Nota al título y mención de responsabilidad Precede al tít.: República Árabe Unida. Congreso Nacional de las Fuerzas Populares.
651 #4 - PUNTO DE ACCESO ADICIONAL DE MATERIA--NOMBRE GEOGRÁFICO
Nombre geográfico Egipto-
Subdivisión general Historia-
Subdivisión cronológica 1952-1970.
9 (RLIN) 8143
711 2# - ENTRADA AGREGADA--NOMBRE DE REUNIÓN
Nombre de congreso/reunión o jurisdicción como elemento de entrada Congreso Nacional de las Fuerzas Populares
Fecha del congreso o de la firma del tratado (1962.
Sede del congreso/Lugar de la reunión El Cairo)
9 (RLIN) 172163
852 ## - LOCALIZACIÓN
Ubicación ES-MaACL
Número de control de estantería C-25449
Holdings
Estatus retirado Estado de pérdida Estado de daño No para préstamo Biblioteca de origen Biblioteca actual Ubicación en estantería Fecha de adquisición Fuente de adquisición Total de préstamos Signatura topográfica completa Código de barras Visto por última vez Precio de reemplazo Tipo de ítem Koha
        Biblioteca del Ateneo de Madrid Biblioteca del Ateneo de Madrid Depósito 2 17/01/2008     C-25449 1131832 23/02/2023 23/02/2023 Libro impreso